| 000 | 00761nab a2200217 4500 | ||
|---|---|---|---|
| 003 | BR-BrBNA | ||
| 005 | 20250117120254.0 | ||
| 008 | 250103b bl.||||| |||| 00| 0 por d | ||
| 040 |
_aBR-BrBNA _bpor _cBiblioteca Nacional de Agricultura |
||
| 072 | _aE50 ; E11 ; E71 | ||
| 100 | _aMarques, Carlos José | ||
| 245 |
_aO maior êxodo rural do mundo _bAgroeconomia |
||
| 500 | _a8 illus. | ||
| 650 | _aCHINA | ||
| 650 | _aÊXODO RURAL | ||
| 650 | _aSOCIOLOGIA RURAL | ||
| 650 | _aSUPRIMENTO DE ALIMENTO | ||
| 650 | _aIMPORTAÇÃO | ||
| 773 | 0 |
_01706 _9347426 _dSão Paulo-SP Editora Três Ltda - E-mail: luizfsa@revistadinheiro.com.br 2004 _o2023-11311 _tDinheiro Rural (Brazil) _x1807-3700 _gv, 1(1) p. 44-46; (Nov 2004) _wBR2024004557 |
|
| 942 |
_cANA _2AGRIS |
||
| 999 |
_c329497 _d329497 |
||